Rompiendo cristales : (Record no. 193502)

MARC details
000 -LEADER
campo de control de longitud fija 02322nam a2200421 i 4500
001 - NÚMERO DE CONTROL
campo de control 193502
003 - IDENTIFICADOR DE NÚMERO DE CONTROL
campo de control SpMaBN
005 - FECHA Y HORA DE LA ÚLTIMA TRANSACCIÓN
campo de control 20250709180433.0
007 - CAMPO FIJO DE DESCRIPCIÓN FÍSICA--INFORMACIÓN GENERAL
campo de control de longitud fija ta
008 - DATOS DE LONGITUD FIJA--INFORMACIÓN GENERAL
campo de control de longitud fija 240103s2008 sp a | |||| 001 0aspa
017 ## - NÚMERO DE COPYRIGHT O DE DEPÓSITO LEGAL
Número de copyright o de depósito legal B 47308-2008
Agencia que asigna Oficina Depósito Legal Barcelona
020 ## - NÚMERO INTERNACIONAL ESTÁNDAR DEL LIBRO
Número Internacional Estándar del Libro 9788408082613
035 ## - NÚMERO DE CONTROL DEL SISTEMA
Número de control de sistema (OCoLC)434266260
035 ## - NÚMERO DE CONTROL DEL SISTEMA
Número de control de sistema a4384378
040 ## - FUENTE DE CATALOGACIÓN
Centro catalogador/agencia de origen SpMaBN
Lengua de catalogación spa
Centro/agencia transcriptor SpMaBN
Normas de descripción rdc
Centro/agencia modificador ES-MaACL
080 ## - NÚMERO DE LA CLASIFICACIÓN DECIMAL UNIVERSAL
Número de la Clasificación Decimal Universal 929 Rodríguez Ibarra, Juan Carlos
080 ## - NÚMERO DE LA CLASIFICACIÓN DECIMAL UNIVERSAL
Número de la Clasificación Decimal Universal 32(460.25)
100 0# - ENTRADA PRINCIPAL--NOMBRE DE PERSONA
Nombre de persona Rodríguez Ibarra, Juan Carlos,
Fechas asociadas al nombre 1948-
Número de control del registro de autoridad o número normalizado XX1107916
9 (RLIN) 98582
Término indicativo de función/relación Autor
245 10 - MENCIÓN DEL TÍTULO
Título Rompiendo cristales :
Resto del título treinta años de vida política /
Mención de responsabilidad, etc. Juan Carlos Rodríguez Ibarra
250 ## - MENCION DE EDICION
Mención de edición 1ª ed.
260 ## - PUBLICACIÓN, DISTRIBUCIÓN, ETC.
Lugar de publicación, distribución, etc. Barcelona :
Nombre del editor, distribuidor, etc. Planeta,
Fecha de publicación, distribución, etc. 2008.
300 ## - DESCRIPCIÓN FÍSICA
Extensión 336 p., [32] p. de lám en col. y n. ;
Dimensiones 24 cm
336 ## - TIPO DE CONTENIDO
Fuente rdacontent
Término de tipo de contenido Texto
337 ## - TIPO DE MEDIO
Fuente rdamedia
Nombre/término del tipo de medio sin mediación
338 ## - TIPO DE SOPORTE
Fuente rdacarrier
Nombre/término del tipo de soporte volumen
500 ## - NOTA GENERAL
Nota general Índice
520 ## - RESUMEN, ETC.
Sumario, etc. El ex presidente de Extremadura lo cuenta todo. Juan Carlos Rodríguez Ibarra ha presidido la Junta de Extremadura durante 24 años y ha sido diputado en el Congreso. Se ha convertido en uno de los políticos más concidos de España por su carácter y su estilo directo de hacer política. En estas memorias cuenta toda su vida política, sin ocultar nada, desde su inicios con Alfonso Guerra y Felipe González hasta sus más recientes relaciones con Maragall y Zapatero. Como él mismo nos cuenta, pudo elegir un camino más fácil, pero a veces, para que te respeten, hay que romper cristales. Estas son unas memorias que no dejarán indiferente a nadie.
600 04 - PUNTO DE ACCESO ADICIONAL DE MATERIA--NOMBRE DE PERSONA
Nombre de persona Rodríguez Ibarra, Juan Carlos,
Fechas asociadas al nombre 1948-
Fuente del encabezamiento o término embne
9 (RLIN) 98582
651 #7 - PUNTO DE ACCESO ADICIONAL DE MATERIA--NOMBRE GEOGRÁFICO
Nombre geográfico Extremadura
Subdivisión general Política y gobierno
Subdivisión cronológica 1975-1983
Fuente del encabezamiento o término embne
9 (RLIN) 234811
651 #7 - PUNTO DE ACCESO ADICIONAL DE MATERIA--NOMBRE GEOGRÁFICO
Nombre geográfico Extremadura
Subdivisión general Política y gobierno
Subdivisión cronológica 1983-2011
Fuente del encabezamiento o término embne
9 (RLIN) 234812
852 ## - LOCALIZACIÓN
Ubicación ES-MaACL
Sublocalización o colección R.154869
Ubicación en estantería Depósito J
Número de control de estantería N-9643
Donativo/Legado Donación: José Lázaro García
itemnumber 200982
Encuadernación Encuadernación cartoné con sobrecubiertas
903 ## - NOMBRE PERSONAL DE DONANTE
9 234219
a Lázaro García, José
e Donante
942 ## - ELEMENTOS DE ENTRADA SECUNDARIOS (KOHA)
Suprimir en OPAC No
Tipo de ítem Koha Libro impreso
Holdings
Estatus retirado Estado de pérdida Fuente del sistema de clasificación o colocación Estado de daño No para préstamo Biblioteca de origen Biblioteca actual Ubicación en estantería Fecha de adquisición Fuente de adquisición Total de préstamos Signatura topográfica completa Código de barras Visto por última vez Precio de reemplazo Tipo de ítem Koha
    Clasificación decimal universal     Biblioteca del Ateneo de Madrid Biblioteca del Ateneo de Madrid Depósito J 27/11/2023 Donación   N-9643 101206262 03/01/2024 03/01/2024 Libro impreso